| 000 | 00750nam a2200229Ia 4500 | ||
|---|---|---|---|
| 008 | 160319s9999 xx 000 0 und d | ||
| 020 | _a978-971-98-0245-7 | ||
| 050 | _aFIL PL 6054 | ||
| 050 | _b.M35 2015 c.2 | ||
| 245 | _aMakabuluhang Filipino sa iba't ibang pagkakataon : | ||
| 245 | _bbatayang aklat sa pagbasa, pagsulat, at pananaliksik sa antas pangkolehiyo (Filipino 2) / | ||
| 245 | _cElizabeth Morales - Nuncio… [et al] | ||
| 250 | _aRebisadong Edisyon | ||
| 260 | _aQuezon City: | ||
| 260 | _bC&E Publishing, Inc. | ||
| 260 | _c2015 | ||
| 300 | _a369 pages : | ||
| 300 | _billustrations ; | ||
| 300 | _c26 cm. | ||
| 500 | _aIncludes index. | ||
| 650 | _aLanguage (Filipino) -- Study and teaching (Higher) -- Philippines. | ||
| 999 |
_c291782 _d291782 |
||